000 00459nam a2200193Ia 4500
005 20230714094138.0
008 131103s9999 xx 000 0 und d
040 _aLoreto College
041 _aEnglish
082 _a920
_bBUL
100 _aBuliard,Roger P.
245 _aInuk
_cRoger P.Buliard
260 _aNew York
_bFarrar
_cc 1951
300 _ax,322 p.
650 _aBuliard,Roger P.
651 _aAutobiography
850 _aLCLIB
942 _cBK
999 _c12360
_d62839